The Court of Appeal Criminal Appeal No.44/97 Sunday Joseph Vs Uganda. (Record no. 3093)
[ view plain ]
| 000 -LEADER | |
|---|---|
| fixed length control field | 00669nam a22001217a 4500 |
| 008 - FIXED-LENGTH DATA ELEMENTS--GENERAL INFORMATION | |
| fixed length control field | 110616t xxu||||| |||| 00| 0 eng d |
| 010 ## - LIBRARY OF CONGRESS CONTROL NUMBER | |
| LC control number | CACAF41 |
| 245 ## - TITLE STATEMENT | |
| Title | The Court of Appeal Criminal Appeal No.44/97 Sunday Joseph Vs Uganda. |
| 260 ## - PUBLICATION, DISTRIBUTION, ETC. (IMPRINT) | |
| Date of publication, distribution, etc | 1997 |
| 500 ## - GENERAL NOTE | |
| General note | Coram: The Hon. Mr. Justice S.T. Manyindo, DCJ., <br/> The Hon. Mr. Justice J.P. Berko, J.A. &<br/> The Hon. Mr. Justice S.G. Engwau, J.A. |
| 500 ## - GENERAL NOTE | |
| General note | Appeal from Conviction and sentence of the High Court at Masindi (Hon. Justice Mpagi - Bahigeine) dated 28.8.97, C.S.C. No.49 of 1996. |
| Withdrawn status | Lost status | Source of classification or shelving scheme | Damaged status | Koha normalized classification for sorting | Not for loan | Location (home branch) | Sublocation or collection (holding branch) | Shelving location | Date acquired | Koha issues (times borrowed) | Koha full call number | Piece designation (barcode) | Koha date last seen | Price effective from | Koha item type |
|---|---|---|---|---|---|---|---|---|---|---|---|---|---|---|---|
| Dewey Decimal Classification | CACAF_41 | Law Development Centre Main Library | Law Development Centre Main Library | Law Reports | 06/16/2011 | CACAF41 | 44/1997/01 | 06/16/2011 | 06/16/2011 | Un Reported Cases |
